Pintura figurativa española : exposición itinerante / Ministerio de Educación y Ciencia, Dirección General del Patrimonio Artístico y Cultural exposición itinerante / Ministerio de Educación y Ciencia, Dirección General del Patrimonio Artístico y Cultural
Descripción Física:
[56] p. : il. ; 25 cm
Otros Autores:
Patronato Nacional de Museos (Espanya)
,
Espanya. Dirección General del Patrimonio Artístico y Cultural
Materias:
Pintura espanyola -- Exposicions
MARC
| LEADER | 00000nam a2200000Ia 4500 | ||
|---|---|---|---|
| 001 | 7609 | ||
| 008 | 160829s9999 xx 000 0 cat d | ||
| 080 | |a B-1-372 | ||
| 245 | |a Pintura figurativa española : |b exposición itinerante / Ministerio de Educación y Ciencia, Dirección General del Patrimonio Artístico y Cultural | ||
| 260 | |a [Madrid?] : |b Patronato Nacional de Museos, DL 1975 | ||
| 300 | |a [56] p. : |b il. ; |c 25 cm | ||
| 590 | |a Exposició celebrada a Terrassa del 15 al 29 de setembre de 1977 | ||
| 650 | |a Pintura espanyola |x Exposicions |9 37098 | ||
| 700 | |a Patronato Nacional de Museos (Espanya) |9 26123 | ||
| 700 | |a Espanya. Dirección General del Patrimonio Artístico y Cultural |9 37100 | ||
| 901 | |a Arxiu | ||
| 942 | |n 1 | ||
| 952 | |0 0 |1 0 |4 0 |6 B1372 |7 1 |9 47653 |a Arxiu |b Arxiu |d 2016-12-01 |l 0 |o B-1-372 |p 7609 |r 2016-12-01 00:00:00 |w 2016-12-01 |y ARXIU | ||
| 999 | |c 51452 |d 51452 | ||